| 000 | 02437cam a22005174i 4500 | ||
|---|---|---|---|
| 003 | PE-LiUPU | ||
| 005 | 20250731172951.0 | ||
| 008 | 150623s r 000 0 d | ||
| 020 | _a3788714786 | ||
| 035 | _a(Sirsi) i9783788714789 | ||
| 040 |
_aPE-LiUPU _bspa _cPE-LiUPU _erda |
||
| 049 | _aPRUA | ||
| 082 | 0 | 4 |
_a221 _bA16 _221 |
| 100 | 1 |
_aHess, Richard S., _eautor. |
|
| 245 | 1 | 0 |
_aStudies in the personal names of Genesis 1-11 / _cRichard S. Hess. |
| 264 | 1 |
_aNeukirchen-Vluyn : _bNeukirchener Verlag, _c1993. |
|
| 300 |
_a200 páginas ; _c24.5 centímetros |
||
| 336 |
_atext _2rdacontent |
||
| 337 |
_aunmediated _2rdamedia |
||
| 338 |
_avolume _2rdacarrier |
||
| 490 | 0 |
_aAlter Orient und Altes Testament ; _v234 |
|
| 505 | 0 | _aThe Origins of the Personal Names in Genesis 1-11: the onomastic environment : Introduction. -The narratives in Genesis 1-4, 6-9, and 11. -The genealogy of Cain in Genesis 4. -The genealogy of Seth. -The table of Nations in Genesis 10. -The Genealogy of shem in Genesis 11. -The function of the personal names in Genesis 1-11: wordplay : The narratives in Genesis 1-4, 6-9, and 11. -The genealogy of Cain in Genesis 4. -The genealogy of Seth. -The table of nations in Genesis 10. -The genealogy of shem in Genesis 11. | |
| 526 | _aSEG42 | ||
| 526 | _aSEG41 | ||
| 526 | _aSEG40 | ||
| 526 | _aSEG39 | ||
| 526 | _aP94 | ||
| 526 | _aP87 | ||
| 526 | _aP86 | ||
| 526 | _aP85 | ||
| 526 | _aP77 | ||
| 526 | _aP76 | ||
| 526 | _aP35 | ||
| 541 | _g4919118064961297; | ||
| 630 |
_aBiblia. _pA.T. _PG enesis 1:1-11:32 _xCrítica, interpretación, etc. |
||
| 650 | 0 | 4 | _aNombres en la biblia. |
| 650 | 0 | 4 |
_aNombres personales _xHebreo. |
| 942 |
_2ddc _cBOOK |
||
| 949 |
_a221 A16 _wDEWEY _c1 _i62444 _lCCODEBUL1 _mBUL _p20.00 _r0 _sY _tBOOK _u2015-6-24 _xTEOLOGIA _PP35 _0COMPRA _o.STAFF. Colección General |
||
| 949 |
_a221 A16 _wDEWEY _c2 _i44989 _lCCODEBUL1 _mBUL _r0 _sY _tBOOK _u2015-6-24 _xTEOLOGIA _PP35 _0COMPRA _o.STAFF. Colección General |
||
| 994 |
_aC0 _bPEPRU |
||
| 596 | _a1 | ||
| 999 |
_a221 A16 _wDEWEY _c21865 _i62444 _d21865 _f2021-11-9 _g5 _lCCODEBUL1 _mBUL _p20.00 _q1 _r0 _sY _tBOOK _u2015-6-24 _xTEOLOGIA _PP35 _0COMPRA _o.STAFF. Colección General |
||
| 999 |
_a221 A16 _wDEWEY _c2 _i44989 _f2021-11-9 _g5 _lCCODEBUL1 _mBUL _r0 _sY _tBOOK _u2015-6-24 _xTEOLOGIA _PP35 _0COMPRA _o.STAFF. Colección General |
||
| 980 |
_81 _gALBERTO SANCHEZ Responsable de Automatización |
||